History Quiz

Random History or Grab Bag Quiz

Clickable Historical Groups Quiz Stats

 Plays Quiz Updated Feb 13, 2019

Score 0/50 Timer 06:00
3 Plays Today
% Correct
Germany
97.3%
Life
97.4%
Liberty
97.3%
Santa Maria
96.8%
Niña
96.4%
Pinta
96.4%
Anne Boleyn
96.2%
Anne of Cleves
96%
Catherine of Aragon
95.9%
Italy
95.8%
Catherine Howard
95.7%
Property
95.7%
Great Pyramid of Giza
95.3%
Hanging Gardens of Babylon
95.3%
Japan
95.2%
Catherine Parr
95.2%
New Jersey
95.2%
New York
95.1%
Maryland
95%
North Carolina
95%
Delaware
95%
Connecticut
95%
Pennsylvania
95%
New Hampshire
95%
Lighthouse of Alexandria
94.9%
% Correct
Massachusetts
94.9%
Rhode Island
94.9%
Mausoleum at Halicarnassus
94.9%
South Carolina
94.9%
Statue of Zeus at Olympia
94.8%
Colossus of Rhodes
94.5%
Temple of Artemis at Ephesus
94.4%
Virginia
94.3%
Jane Seymour
93.9%
Georgia
93.6%
China
92.7%
Cuba
91.6%
Serbia
90.4%
Croatia
90.1%
Slovenia
90%
North Korea
89.4%
Kosovo
88.9%
Vietnam
86%
Bosnia and Herzegovina
84%
Latvia
83.1%
Estonia
82.5%
Lithuania
80%
North Macedonia
79.3%
Montenegro
77.9%
Laos
77.5%

You're not logged in!

Compare scores with friends on all Sporcle quizzes.
OR
Log In

Show Comments

Extras

Top Quizzes Today


Score Distribution

Your Account Isn't Verified!

In order to create a playlist on Sporcle, you need to verify the email address you used during registration. Go to your Sporcle Settings to finish the process.

Report this User

Report this user for behavior that violates our Community Guidelines.

Details: